Ley de Tierras y colonizacion; número 2825 de 14 octubre 1961

Պահպանված է:
Մատենագիտական մանրամասներ
Ձևաչափ: Տեքստ
Խորագրեր:
Ցուցիչներ: Ավելացրեք ցուցիչ
Չկան պիտակներ, Եղեք առաջինը, ով նշում է այս գրառումը!

MARC

LEADER 00000 a a2200000 04500
001 9066
003
040
245 |a Ley de Tierras y colonizacion; número 2825 de 14 octubre 1961  
650 |a LEGISLACION  
650 |a COLONIZACION RURAL  
773 |g volumen 84, número 278; 278 p  
999 |c 35998  |d 35998